BT Discography - Statistics

General Stats
  • This quiz has been taken 8 times
    2 since last reset
  • The average score is 10 of 27
Answer Stats
Type Year Name % Correct
Album 2010 These Hopeful Machines
100%
Album 2016 _
50%
Album 2013 A Song Across Wires
50%
Album 2019 Between Here and You
50%
Remix Album 2015 Electronic Opus
50%
Album 2003 Emotional Technology
50%
Album 1997 ESCM
50%
Album 2019 Everything You're Searching for Is on the Other Side of Fear
50%
EP 2000 Extended Movement
50%
Album 2012 If the Stars are Eternal So are You and I
50%
Album 1995 Ima
50%
Compilation 2012 Laptop Symphony
50%
Album 2012 Morceau Subrosa
50%
EP 2000 Movement E.P.
50%
Album 1999 Movement in Still Life
50%
Remix Album 2011 These Re-Imagined Machines
50%
EP 2004 The Technology EP
50%
Album 2006 This Binary Universe
50%
Compilation 2002 10 Years in the Life
0%
Collaborative Sample CD 2005 300 Years Later
0%
Sample CD 2002 Breakz from the Nu Skool
0%
EP 2005 Human Technology EP
0%
Compilation 2001 R&R (Rare & Remixed)
0%
Remix Album 2001 Still Life in Motion
0%
Compilation 2011 These Humble Machines
0%
EP 1999 Turn Me On EP
0%
Sample CD 2002 Twisted Tectures
0%
No matching quizzes found
Score Distribution
Percent of People with Each Score
Percentile by Number Answered
Your Score History
You have not taken this quiz since the last reset